Educational finance in India. (Record no. 53491)

MARC details
000 -LEADER
fixed length control field 00680cam a22002411 4500
001 - CONTROL NUMBER
control field sa 63000443
003 - CONTROL NUMBER IDENTIFIER
control field DLC
005 - DATE AND TIME OF LATEST TRANSACTION
control field 20260227111921.0
008 - FIXED-LENGTH DATA ELEMENTS--GENERAL INFORMATION
fixed length control field 771110s1962 ii a b 001 0 eng
010 ## - LIBRARY OF CONGRESS CONTROL NUMBER
LC control number sa 63000443
015 ## - NATIONAL BIBLIOGRAPHY NUMBER
National bibliography number GB63-527
035 ## - SYSTEM CONTROL NUMBER
System control number (OCoLC)3409503
040 ## - CATALOGING SOURCE
Original cataloging agency DLC
Transcribing agency AzFU
Modifying agency OCoLC
-- Uk
-- DLC
042 ## - AUTHENTICATION CODE
Authentication code premarc
050 00 - LIBRARY OF CONGRESS CALL NUMBER
Classification number LB2947
Item number .M5
100 1# - MAIN ENTRY--PERSONAL NAME
Personal name Misra, Atmanand,
Dates associated with a name 1913-
245 10 - TITLE STATEMENT
Title Educational finance in India.
260 ## - PUBLICATION, DISTRIBUTION, ETC.
Place of publication, distribution, etc. Bombay,
-- New York,
Name of publisher, distributor, etc. Asia Pub. House
Date of publication, distribution, etc. [1962]
300 ## - PHYSICAL DESCRIPTION
Extent xvii, 616 p.
Other physical details tables.
Dimensions 22 cm.
502 ## - DISSERTATION NOTE
Dissertation note Thesis--University of Saugar.
504 ## - BIBLIOGRAPHY, ETC. NOTE
Bibliography, etc. note Bibliography: p. 585-602.
650 #0 - SUBJECT ADDED ENTRY--TOPICAL TERM
Topical term or geographic name entry element Education
Geographic subdivision India
General subdivision Finance.

No items available.

Powered by Koha